[Event "MCR 2022 H08"]
[Site "Klatovy, Czech Republic"]
[Date "2022.04.10"]
[Round "8.10"]
[White "Tyshchenko, Ostap"]
[Black "Bartecek, David"]
[Result "0-1"]
[WhiteElo "1000"]
[BlackElo "1000"]
[PlyCount "55"]
[EventDate "2022.04.09"]
[EventType "swiss"]
[EventRounds "9"]
[EventCountry "CZE"]

1. e4 e5 2. Nf3 Nc6 3. Bc4 Bc5 4. Nc3 Nf6 5. d3 Ng4 6. O-O Nf6 7. Ng5 O-O 8.
Be3 d6 9. Bxc5 dxc5 10. Nd5 Nxd5 11. exd5 Qxg5 12. dxc6 bxc6 13. c3 Bh3 14. g3
Bxf1 15. Qxf1 Rab8 16. Rc1 Rxb2 17. d4 cxd4 18. cxd4 exd4 19. Ba6 Rxa2 20. Rxc6
Qd5 21. Rxc7 Qd6 22. Rxa7 Rxa6 23. Rxa6 Qd5 24. Qa1 d3 25. Kf1 d2 26. Ke2 d1=Q+
27. Qxd1 Qe5+ 28. Kf1 0-1

[Event "MCR 2022 H08"]
[Site "Klatovy, Czech Republic"]
[Date "2022.04.10"]
[Round "8.11"]
[White "Benda, Matej"]
[Black "Hurt, Marek"]
[Result "1-0"]
[WhiteElo "1000"]
[BlackElo "1000"]
[PlyCount "63"]
[EventDate "2022.04.09"]
[EventType "swiss"]
[EventRounds "9"]
[EventCountry "CZE"]

1. e4 e5 2. Nf3 Nc6 3. Bb5 Nf6 4. O-O Bc5 5. c3 a5 6. d4 exd4 7. cxd4 Bb6 8. e5
Nd5 9. Bf4 O-O 10. Nc3 Nxc3 11. bxc3 Ne7 12. Rb1 c6 13. Bc4 d5 14. exd6 Nd5 15.
Bxd5 cxd5 16. Re1 Ba7 17. a4 Rb8 18. d7 Bxd7 19. Bxb8 Qxb8 20. Ne5 Be6 21. g3
f6 22. Nf3 Rc8 23. Rxe6 Rxc3 24. Qd2 Rxf3 25. Qxa5 b6 26. Qxd5 Kf8 27. Qxf3 Kf7
28. Rbe1 Qc8 29. Re7+ Kg6 30. Rxa7 Qb8 31. Rae7 Qa8 32. Qxa8 1-0

[Event "MCR 2022 H08"]
[Site "Klatovy, Czech Republic"]
[Date "2022.04.10"]
[Round "8.12"]
[White "Fedorov, Viktor 2014"]
[Black "Strihavka, Petr"]
[Result "1/2-1/2"]
[WhiteElo "1000"]
[BlackElo "1000"]
[PlyCount "124"]
[EventDate "2022.04.09"]
[EventType "swiss"]
[EventRounds "9"]
[EventCountry "CZE"]

1. e4 d5 2. exd5 Qxd5 3. Nc3 Qd8 4. d4 Nc6 5. Nf3 Bg4 6. d5 Bxf3 7. Qxf3 Ne5 8.
Qe3 Nc4 9. Bxc4 Nf6 10. O-O g6 11. Qf3 Bg7 12. Bf4 O-O 13. Rad1 Nd7 14. Nb5 e5
15. Be3 b6 16. Qh3 e4 17. Bd4 Bxd4 18. Rxd4 Qf6 19. Rxe4 Nc5 20. Rh4 Qxb2 21.
Nxc7 Rac8 22. d6 Qe5 23. Nb5 Nb7 24. Nxa7 Rc5 25. Ba6 Nxd6 26. Bd3 Ra8 27. Ra4
Nb5 28. Bxb5 Rxb5 29. Qd7 Ra5 30. Rxa5 bxa5 31. Nc6 Qc5 32. Ne7+ Kg7 33. Qb7
Ra7 34. Qe4 Rxe7 35. Qf3 Qxc2 36. h3 Qxa2 37. Qc3+ f6 38. Ra1 Qe6 39. Rxa5 Qe1+
40. Qxe1 Rxe1+ 41. Kh2 Re2 42. Kg3 Re5 43. Rxe5 fxe5 44. Kf3 Kf6 45. Ke4 h5 46.
g4 hxg4 47. hxg4 g5 48. f3 Ke6 49. Ke3 Kd5 50. Kd3 Ke6 51. Ke3 Kf6 52. Ke4 Ke6
53. Ke3 Kd6 54. Kd3 Kc5 55. Ke4 Kd6 56. Ke3 Ke6 57. Ke4 Kf6 58. Ke3 Ke7 59. Ke4
Kd6 60. Ke3 Kd5 61. Kd3 Kc5 62. Ke4 Kd6 1/2-1/2

[Event "MCR 2022 H08"]
[Site "Klatovy, Czech Republic"]
[Date "2022.04.10"]
[Round "8.13"]
[White "Kasalicky, Divis"]
[Black "Krejcik, Radek"]
[Result "0-1"]
[WhiteElo "1000"]
[BlackElo "1000"]
[PlyCount "80"]
[EventDate "2022.04.09"]
[EventType "swiss"]
[EventRounds "9"]
[EventCountry "CZE"]

1. e4 e5 2. Nf3 Nc6 3. Bc4 Bc5 4. Nc3 Nf6 5. d3 h6 6. Be3 Bxe3 7. fxe3 O-O 8.
Nd5 Nxd5 9. Bxd5 Nb4 10. Bc4 d6 11. Nh4 Qxh4+ 12. g3 Qd8 13. Qf3 Nxc2+ 14. Kd1
Nxa1 15. Rf1 Qe7 16. g4 c6 17. h4 b5 18. Bb3 Nxb3 19. Rg1 Nc5 20. g5 hxg5 21.
hxg5 Nxd3 22. Qh3 Bxh3 23. Rg3 Nxb2+ 24. Kc2 Nc4 25. g6 fxg6 26. Rxg6 Nxe3+ 27.
Kd3 Ng4 28. Ke2 Rf6 29. Rxf6 gxf6 30. a3 c5 31. Kd3 b4 32. Kc2 bxa3 33. Kb3 d5
34. exd5 Qd7 35. Kxa3 Qxd5 36. Kb2 Rb8+ 37. Kc3 Qe4 38. Kd2 Qc4 39. Kd1 Rd8+
40. Ke1 Qe4# 0-1

[Event "MCR 2022 H08"]
[Site "Klatovy, Czech Republic"]
[Date "2022.04.10"]
[Round "8.14"]
[White "Kobersky, Matyas"]
[Black "Vo, Daniel"]
[Result "1-0"]
[WhiteElo "1000"]
[BlackElo "1000"]
[PlyCount "55"]
[EventDate "2022.04.09"]
[EventType "swiss"]
[EventRounds "9"]
[EventCountry "CZE"]

1. d4 d5 2. c4 dxc4 3. Nc3 Bf5 4. e4 Bg6 5. Bxc4 Nc6 6. Nf3 Bh5 7. Be3 e6 8. a3
a6 9. O-O Be7 10. Bd3 Nf6 11. Qe2 O-O 12. e5 Ng4 13. Bf4 Nxd4 14. Nxd4 Qxd4 15.
Qd2 Rad8 16. Rad1 Rd7 17. Bxh7+ Kxh7 18. Qc2+ Qe4 19. Qxe4+ Bg6 20. Qxb7 Rxd1
21. Rxd1 Nh6 22. Bxh6 gxh6 23. Qxc7 Rg8 24. Qxe7 Bc2 25. Qxf7+ Rg7 26. Qf3 Rg5
27. Rd7+ Kg6 28. Qf7# 1-0

[Event "MCR 2022 H08"]
[Site "Klatovy, Czech Republic"]
[Date "2022.04.10"]
[Round "9.1"]
[White "Tomes, Jan"]
[Black "Zelenka, Tomas"]
[Result "1/2-1/2"]
[WhiteElo "1000"]
[BlackElo "1158"]
[PlyCount "84"]
[EventDate "2022.04.09"]
[EventType "swiss"]
[EventRounds "9"]
[EventCountry "CZE"]

1. e4 e5 2. Nf3 Nc6 3. Nc3 Nf6 4. Bc4 Nxe4 5. O-O Nxc3 6. dxc3 Bc5 7. Bxf7+ Kf8
8. Bc4 e4 9. Ng5 Ne5 10. Bd5 Ke8 11. Bf4 e3 12. Kh1 exf2 13. Bxe5 Qxg5 14. Qe2
Kd8 15. Bf7 Rf8 16. Bg3 Rxf7 17. Bxf2 Bxf2 18. Rxf2 Rxf2 19. Qxf2 Qe7 20. Re1
Qd6 21. Qh4+ Qf6 22. Qe4 Qf7 23. Qh4+ Qf6 24. Qxh7 c6 25. Qe4 Qf7 26. Kg1 d5
27. Qh4+ Qf6 28. Qh8+ Kc7 29. Qh5 Bf5 30. Rf1 g6 31. Qf3 Qg5 32. Re1 Be4 33.
Qf7+ Kd6 34. g3 Qd2 35. Qf6+ Kc7 36. Qe7+ Kb6 37. Qb4+ Ka6 38. Qa4+ Kb6 39.
Qb4+ Kc7 40. Qe7+ Kb6 41. Qb4+ Ka6 42. Qa4+ Kb6 1/2-1/2

[Event "MCR 2022 H08"]
[Site "Klatovy, Czech Republic"]
[Date "2022.04.10"]
[Round "9.2"]
[White "Hradek, Martin"]
[Black "Lutskiy, Mikhail"]
[Result "0-1"]
[WhiteElo "1000"]
[BlackElo "1135"]
[PlyCount "80"]
[EventDate "2022.04.09"]
[EventType "swiss"]
[EventRounds "9"]
[EventCountry "CZE"]

1. e3 c5 2. Bc4 d6 3. Qh5 d5 4. Bd3 Nf6 5. Qf3 Bg4 6. Qf4 e6 7. Bb5+ Nc6 8.
Bxc6+ bxc6 9. Qa4 Qd7 10. Nf3 Bd6 11. O-O Bxf3 12. gxf3 O-O 13. Nc3 Qc7 14. b3
Bxh2+ 15. Kh1 Be5 16. Ba3 Bd6 17. d4 cxd4 18. Bxd6 Qxd6 19. exd4 Qf4 20. Qxc6
Qxf3+ 21. Kg1 Ng4 22. Qd6 e5 23. Qxd5 Qxc3 24. Rac1 Qh3 25. Qg2 Qxg2+ 26. Kxg2
exd4 27. f3 Ne3+ 28. Kf2 Nxf1 29. Rxf1 Rac8 30. c4 dxc3 31. Rc1 Rfd8 32. a4
Rd2+ 33. Ke1 Re8+ 34. Kf1 c2 35. b4 Rd1+ 36. Rxd1 cxd1=Q+ 37. Kg2 Re2+ 38. Kg3
Qg1+ 39. Kf4 f6 40. b5 Qg5# 0-1

[Event "MCR 2022 H08"]
[Site "Klatovy, Czech Republic"]
[Date "2022.04.10"]
[Round "9.3"]
[White "Koutecky, Vaclav 2014"]
[Black "Bucek, Vit"]
[Result "1-0"]
[WhiteElo "1000"]
[BlackElo "1087"]
[PlyCount "33"]
[EventDate "2022.04.09"]
[EventType "swiss"]
[EventRounds "9"]
[EventCountry "CZE"]

1. e4 e5 2. Nf3 Nc6 3. d4 exd4 4. Bc4 Be7 5. c3 Na5 6. Bb3 Nxb3 7. axb3 dxc3 8.
Nxc3 Nf6 9. e5 Ng8 10. Nd5 d6 11. Qc2 dxe5 12. Nxc7+ Kf8 13. Nxa8 Nf6 14. Nc7
g6 15. Bh6+ Kg8 16. Nxe5 Bf5 17. Qd1 1-0

[Event "MCR 2022 H08"]
[Site "Klatovy, Czech Republic"]
[Date "2022.04.10"]
[Round "9.4"]
[White "Cerny, Ren"]
[Black "Habetinek, Jan"]
[Result "0-1"]
[WhiteElo "1000"]
[BlackElo "1000"]
[PlyCount "76"]
[EventDate "2022.04.09"]
[EventType "swiss"]
[EventRounds "9"]
[EventCountry "CZE"]

1. e4 d5 2. exd5 Nf6 3. Bb5+ c6 4. dxc6 Nxc6 5. Nf3 a6 6. Ba4 b5 7. Bb3 Bb7 8.
O-O e5 9. d3 Bc5 10. Be3 Bxe3 11. fxe3 O-O 12. c4 bxc4 13. Bxc4 Rc8 14. Nc3 Re8
15. Ng5 Rf8 16. Qb3 Rb8 17. Bxf7+ Kh8 18. Ne6 Qe7 19. Nxf8 Rxf8 20. Bc4 Na5 21.
Qc2 Nxc4 22. dxc4 Qc7 23. Ne4 Bxe4 24. Qxe4 Kg8 25. Qc2 e4 26. Rf4 Qb6 27. Qc3
Nd5 28. cxd5 Rxf4 29. Qc8+ Rf8 30. Qc4 Qxe3+ 31. Kh1 Qd2 32. d6+ Kh8 33. Qxa6
e3 34. h3 e2 35. Qc6 e1=Q+ 36. Rxe1 Qxe1+ 37. Kh2 Qe5+ 38. Kh1 Rf1# 0-1

[Event "MCR 2022 H08"]
[Site "Klatovy, Czech Republic"]
[Date "2022.04.10"]
[Round "9.5"]
[White "Tomes, Dominik"]
[Black "Trejbal, Jindrich 2014"]
[Result "0-1"]
[WhiteElo "1000"]
[BlackElo "1101"]
[PlyCount "82"]
[EventDate "2022.04.09"]
[EventType "swiss"]
[EventRounds "9"]
[EventCountry "CZE"]

1. e4 e5 2. Nf3 Nc6 3. Bc4 Bc5 4. O-O Nf6 5. Nc3 d6 6. d3 h6 7. h3 O-O 8. a3 a5
9. Na4 Bb6 10. Nxb6 cxb6 11. c3 Be6 12. Bxe6 fxe6 13. b4 axb4 14. cxb4 Nxb4 15.
Bd2 Nxd3 16. Bc3 Nc5 17. Bb4 Ncxe4 18. Nd2 Nxd2 19. Qxd2 Nd5 20. a4 Nxb4 21.
Qxb4 Rf4 22. Qb5 Ra5 23. Qb3 Qd7 24. Qxb6 Raxa4 25. Rxa4 Rxa4 26. Rb1 Qc6 27.
Qxb7 Qxb7 28. Rxb7 Ra1+ 29. Kh2 Kf8 30. Rb8+ Kf7 31. Rb6 Rd1 32. Rb7+ Kf6 33.
g4 Rd2 34. Kg2 e4 35. Rb1 e3 36. Re1 exf2 37. Kf1 fxe1=Q+ 38. Kxe1 Rh2 39. Kf1
Rxh3 40. Kf2 e5 41. Kg2 Ra3 0-1

[Event "MCR 2022 H08"]
[Site "Klatovy, Czech Republic"]
[Date "2022.04.10"]
[Round "9.6"]
[White "Kupka, Frantisek 2014"]
[Black "Bartak, Tobias"]
[Result "1-0"]
[WhiteElo "1000"]
[BlackElo "1000"]
[PlyCount "133"]
[EventDate "2022.04.09"]
[EventType "swiss"]
[EventRounds "9"]
[EventCountry "CZE"]

1. e4 d5 2. exd5 Nf6 3. Nc3 e5 4. Nf3 c6 5. dxc6 Bg4 6. Bb5 bxc6 7. Ba4 Bc5 8.
O-O O-O 9. h3 Bxf3 10. Qxf3 Re8 11. Bxc6 Nxc6 12. Qxc6 Rc8 13. Qf3 e4 14. Qg3
Nh5 15. Qg4 Nf6 16. Qg3 Bd6 17. Qg5 Nd7 18. Qxd8 Rcxd8 19. Re1 Nc5 20. d4 Na6
21. Nxe4 Bb4 22. c3 Bd6 23. g3 f5 24. Bg5 Rb8 25. Bf4 Bxf4 26. gxf4 fxe4 27.
Rac1 Rb6 28. Re2 Rg6+ 29. Kf1 Nc7 30. f5 Rg5 31. Rce1 Rxf5 32. Rxe4 Rxe4 33.
Rxe4 Nd5 34. Re8+ Kf7 35. Rb8 Ne3+ 36. Ke2 Nd5 37. b4 Nxc3+ 38. Kd3 Nxa2 39. b5
Nb4+ 40. Ke4 Rxf2 41. d5 a6 42. b6 Re2+ 43. Kd4 Nc2+ 44. Kd3 Rh2 45. b7 Nb4+
46. Kc4 Rb2 47. d6 Nc6 48. Rc8 Rxb7 49. Rxc6 Ke6 50. Rxa6 h5 51. Kc5 g5 52. Kc6
Rb3 53. d7 g4 54. d8=Q gxh3 55. Qd5+ Ke7 56. Qxb3 h2 57. Qb1 Kf6 58. Qh1 Kg5
59. Qxh2 h4 60. Ra4 Kh5 61. Qxh4+ Kg6 62. Qg4+ Kf6 63. Qd4+ Ke6 64. Qd5+ Kf6
65. Kc5 Kg6 66. Ra6+ Kg7 67. Qd7+ 1-0

[Event "MCR 2022 H08"]
[Site "Klatovy, Czech Republic"]
[Date "2022.04.10"]
[Round "9.7"]
[White "Bartecek, David"]
[Black "Burel, Jan"]
[Result "0-1"]
[WhiteElo "1000"]
[BlackElo "1000"]
[PlyCount "68"]
[EventDate "2022.04.09"]
[EventType "swiss"]
[EventRounds "9"]
[EventCountry "CZE"]

1. e4 e5 2. Nf3 Nc6 3. Nc3 Bc5 4. Bc4 d6 5. Ng5 Nh6 6. Nf3 Bg4 7. O-O Bxf3 8.
Qxf3 O-O 9. Qg3 g6 10. d3 Kg7 11. Qh3 Ng8 12. Bh6+ Nxh6 13. Qg3 Bb4 14. Ne2 a6
15. f4 Bc5+ 16. Kh1 b5 17. Bb3 Qe8 18. f5 Qe7 19. Qh3 Be3 20. Qxe3 gxf5 21.
Qg3+ Kh8 22. exf5 Rg8 23. Qf3 Qg5 24. Bd5 Nxf5 25. Bxf7 Rg7 26. Be6 Ne3 27. Rf2
Nd4 28. Qh3 Nxe6 29. Qf3 Rf8 30. Qg3 Qxg3 31. Nxg3 Rxf2 32. Nh5 Rgxg2 33. Ng3
Rxh2+ 34. Kg1 Rfg2# 0-1

[Event "MCR 2022 H08"]
[Site "Klatovy, Czech Republic"]
[Date "2022.04.10"]
[Round "9.8"]
[White "Skoloud, Josef"]
[Black "Benda, Matej"]
[Result "1-0"]
[WhiteElo "1068"]
[BlackElo "1000"]
[PlyCount "45"]
[EventDate "2022.04.09"]
[EventType "swiss"]
[EventRounds "9"]
[EventCountry "CZE"]

1. e4 e5 2. f4 Nc6 3. Nf3 exf4 4. d4 d5 5. e5 Bg4 6. Bxf4 Qe7 7. Be2 Bxf3 8.
Bxf3 O-O-O 9. O-O Qe6 10. Nc3 Bb4 11. Bg4 f5 12. exf6 Qxg4 13. Qxg4+ Kb8 14.
fxg7 Bxc3 15. bxc3 Nf6 16. Qg5 Rhg8 17. Qxf6 Rd7 18. Be5 Nxe5 19. dxe5 b6 20.
Qf8+ Rxf8 21. gxf8=Q+ Kb7 22. Rf7 Rxf7 23. Qxf7 1-0

[Event "MCR 2022 H08"]
[Site "Klatovy, Czech Republic"]
[Date "2022.04.10"]
[Round "9.9"]
[White "Krejcik, Radek"]
[Black "Krivka, Lukas"]
[Result "0-1"]
[WhiteElo "1000"]
[BlackElo "1000"]
[PlyCount "104"]
[EventDate "2022.04.09"]
[EventType "swiss"]
[EventRounds "9"]
[EventCountry "CZE"]

1. e4 e5 2. Nf3 d6 3. Bb5+ Nc6 4. Bxc6+ bxc6 5. O-O Nf6 6. d3 Be7 7. Bg5 O-O 8.
Nc3 Bg4 9. Bxf6 Bxf6 10. h3 Bxf3 11. Qxf3 h6 12. b4 Rb8 13. a3 c5 14. bxc5 dxc5
15. Rab1 Rxb1 16. Rxb1 Qd4 17. Nb5 Qa4 18. Nxc7 Qxc2 19. Rb7 Rd8 20. Nb5 Rxd3
21. Qg4 a6 22. Rb8+ Rd8 23. Rxd8+ Bxd8 24. Nd6 Qc1+ 25. Kh2 Qf4+ 26. Qxf4 exf4
27. Nb7 Bh4 28. Kg1 c4 29. f3 c3 30. Nc5 Kf8 31. Kf1 Ke7 32. Nd3 Kd6 33. Ke2
Kc6 34. Kd1 Kb5 35. Kc2 Kc4 36. a4 a5 37. g4 Be7 38. Nxf4 g5 39. Nd5 Bb4 40. e5
Kxd5 41. Kb3 Kxe5 42. Kc2 f5 43. gxf5 Kxf5 44. Kd1 Kf4 45. Ke2 h5 46. Kf2 c2
47. Kg2 c1=Q 48. Kh2 Bd6 49. Kg2 Qc2+ 50. Kf1 Qh2 51. Ke1 Bb4+ 52. Kd1 Qd2# 0-1

[Event "MCR 2022 H08"]
[Site "Klatovy, Czech Republic"]
[Date "2022.04.10"]
[Round "9.11"]
[White "Vasina, Tadeas"]
[Black "Fedorov, Viktor 2014"]
[Result "0-1"]
[WhiteElo "1000"]
[BlackElo "1000"]
[PlyCount "84"]
[EventDate "2022.04.09"]
[EventType "swiss"]
[EventRounds "9"]
[EventCountry "CZE"]

1. e4 c6 2. Bc4 d5 3. exd5 cxd5 4. Bb5+ Nc6 5. Nf3 Nf6 6. O-O e6 7. Ne5 Bd7 8.
Bxc6 bxc6 9. d4 Bd6 10. Bf4 c5 11. Nxd7 Qxd7 12. Bxd6 Qxd6 13. Nc3 O-O 14. dxc5
Qxc5 15. Qf3 Rad8 16. Rad1 d4 17. Ne4 Nxe4 18. Qxe4 e5 19. a3 Rfe8 20. b4 Qb5
21. Rd3 Qb6 22. Rg3 Rc8 23. Qg4 g6 24. Qd7 Red8 25. Qa4 e4 26. Qb3 Re8 27. Re1
Rc7 28. f4 exf3 29. Rxe8+ Kg7 30. Rxf3 d3+ 31. Ree3 dxc2 32. Qd5 c1=Q+ 33. Kf2
Rc2+ 34. Kg3 Qc7+ 35. Re5 Qg5+ 36. Kh3 Qh6+ 37. Kg4 Rxg2+ 38. Rg3 Rxg3+ 39.
hxg3 f5+ 40. Kf3 Qc3+ 41. Ke2 Qh2+ 42. Kd1 Qa1# 0-1

[Event "MCR 2022 H08"]
[Site "Klatovy, Czech Republic"]
[Date "2022.04.10"]
[Round "9.12"]
[White "Vratny, Vojtech"]
[Black "Kobersky, Matyas"]
[Result "1-0"]
[WhiteElo "1000"]
[BlackElo "1000"]
[PlyCount "77"]
[EventDate "2022.04.09"]
[EventType "swiss"]
[EventRounds "9"]
[EventCountry "CZE"]

1. e4 e5 2. f4 f6 3. Nf3 Nc6 4. Bc4 Nge7 5. O-O d6 6. d3 Bg4 7. h3 Bxf3 8. Qxf3
g6 9. Nc3 Nd4 10. Qf2 Bh6 11. fxe5 Bxc1 12. Raxc1 fxe5 13. Qf7+ Kd7 14. Rf6
Ne2+ 15. Nxe2 Kc6 16. Bd5+ Nxd5 17. Qxd5+ Kb6 18. Nc3 a6 19. Rf3 Qg5 20. Rb1
Qd2 21. Qb3+ Ka7 22. Rf7 Qe3+ 23. Kh1 Rac8 24. Nd5 Qd4 25. Nxc7 Qb6 26. Qxb6+
Kxb6 27. Nd5+ Kc5 28. Rxb7 h5 29. b4+ Kd4 30. Rc1 g5 31. Rg7 g4 32. hxg4 hxg4+
33. Kg1 Rh4 34. Rc7 Rch8 35. Rf1 Rh2 36. Nb6 Rh1+ 37. Kf2 Rf8+ 38. Ke2 Rhxf1
39. Rc8 1-0

[Event "MCR 2022 H08"]
[Site "Klatovy, Czech Republic"]
[Date "2022.04.10"]
[Round "9.13"]
[White "Vostracky, Martin"]
[Black "Bruha, Jan"]
[Result "1-0"]
[WhiteElo "1000"]
[BlackElo "1000"]
[PlyCount "97"]
[EventDate "2022.04.09"]
[EventType "swiss"]
[EventRounds "9"]
[EventCountry "CZE"]

1. e4 e5 2. Nf3 Nf6 3. Nxe5 Nxe4 4. Qe2 d5 5. f3 Qd6 6. fxe4 Qxe5 7. Nc3 Nc6 8.
d3 Be6 9. Bd2 O-O-O 10. O-O-O Bc5 11. g3 f6 12. Bf4 Be3+ 13. Qxe3 Qh5 14. Be2
Qe8 15. Qd2 Nd4 16. Rhe1 Nxe2+ 17. Rxe2 Bg4 18. Rde1 Bxe2 19. Rxe2 g5 20. exd5
gxf4 21. Rxe8 Rdxe8 22. gxf4 Re7 23. Ne4 f5 24. Nf6 Rf8 25. Qc3 Rh8 26. d6 c6
27. dxe7 Kc7 28. e8=Q Rxe8 29. Nxe8+ Kd7 30. Qe5 Kd8 31. Qb8+ Ke7 32. Nc7 Kd7
33. h4 h5 34. Qxb7 Kd6 35. Ne8+ Kd5 36. c4+ Kd4 37. Qd7+ Ke3 38. Qe6+ Kxf4 39.
Qh6+ Kg4 40. Nf6+ Kxh4 41. Qf4+ Kh3 42. Kd2 h4 43. Qg4+ Kh2 44. Qf4+ Kh3 45.
Ke2 Kg2 46. b4 h3 47. Qf2+ Kh1 48. Kf1 h2 49. Qg1+ 1-0

[Event "MCR 2022 H08"]
[Site "Klatovy, Czech Republic"]
[Date "2022.04.10"]
[Round "9.14"]
[White "Flidr, Jan"]
[Black "Kasalicky, Divis"]
[Result "0-1"]
[WhiteElo "1000"]
[BlackElo "1000"]
[PlyCount "46"]
[EventDate "2022.04.09"]
[EventType "swiss"]
[EventRounds "9"]
[EventCountry "CZE"]

1. e4 e5 2. Nf3 Nc6 3. Bc4 Bc5 4. Nc3 Nf6 5. d3 d6 6. O-O Nd4 7. Nxd4 exd4 8.
Nd5 Nxd5 9. exd5 Qf6 10. h3 Qg6 11. Bb5+ Bd7 12. Bxd7+ Kxd7 13. c3 dxc3 14.
bxc3 Rhe8 15. Rb1 Rab8 16. Qa4+ Ke7 17. Qxa7 Bxa7 18. c4 Kd7 19. Ba3 Re5 20.
Rbe1 Rbe8 21. Rd1 Rg5 22. Rfe1 Rxg2+ 23. Kf1 Rg1# 0-1